Calculus and analytic geometry (Record no. 6966)
[ view plain ]
| 000 -LEADER | |
|---|---|
| fixed length control field | 00500nam a22002057a 4500 |
| 001 - ACCESSION NUMBER | |
| control field | 12009 |
| 003 - CONTROL NUMBER IDENTIFIER | |
| control field | OSt |
| 005 - DATE AND TIME OF LATEST TRANSACTION | |
| control field | 20160726142645.0 |
| 008 - FIXED-LENGTH DATA ELEMENTS--GENERAL INFORMATION | |
| fixed length control field | 160726b xxu||||| |||| 00| 0 eng d |
| 020 ## - INTERNATIONAL STANDARD BOOK NUMBER | |
| International Standard Book Number | 000000 |
| 040 ## - CATALOGING SOURCE | |
| Transcribing agency | DDC |
| 082 ## - DEWEY DECIMAL CLASSIFICATION NUMBER | |
| Classification number | 515.15/ THO |
| 100 ## - MAIN ENTRY--PERSONAL NAME | |
| Relator code | Thomas George B. |
| 245 ## - TITLE STATEMENT | |
| Title | Calculus and analytic geometry |
| 250 ## - EDITION STATEMENT | |
| Edition statement | 5th edition |
| 260 ## - PUBLICATION, DISTRIBUTION, ETC. (IMPRINT) | |
| Place of publication, distribution, etc. | Reading, Mass. |
| Name of publisher, distributor, etc. | Addison-Wesley Pub. |
| Date of publication, distribution, etc. | 1979 |
| 300 ## - PHYSICAL DESCRIPTION | |
| Extent | xi, 825, 48, 6 p. : |
| 700 ## - ADDED ENTRY--PERSONAL NAME | |
| Relator code | Ross, Finney L. |
| 942 ## - ADDED ENTRY ELEMENTS (KOHA) | |
| Source of classification or shelving scheme | Dewey Decimal Classification |
| Koha item type | Circ Books |
| Withdrawn status | Lost status | Source of classification or shelving scheme | Damaged status | Not for loan | Home library | Current library | Date acquired | Total Checkouts | Full call number | Barcode | Date last seen | Price effective from | Koha item type |
|---|---|---|---|---|---|---|---|---|---|---|---|---|---|
| Withdrawn | Dewey Decimal Classification | Wesley Powell Learning Resource Centre | Wesley Powell Learning Resource Centre | 07/26/2016 | 515.15/ THO | 12009 | 07/26/2016 | 07/26/2016 | Circ Books |